| 000 | 00522nam a22001817a 4500 | ||
|---|---|---|---|
| 999 |
_c6421 _d6421 |
||
| 003 | GBCCL | ||
| 005 | 20241126110602.0 | ||
| 008 | 180514b ||||| |||| 00| 0 eng d | ||
| 040 | _cgbc | ||
| 082 |
_a232.92 _bMIL |
||
| 100 |
_aMiller, J. Michael _911502 |
||
| 245 |
_aJesus Christ: _bEarly years / _cJ. Michael Miller |
||
| 260 |
_bGraded Press, _aNashville: _c1985 |
||
| 300 |
_a64 p.; _bill., port., _c21 cm. |
||
| 440 |
_aWho do you say that I am? _911512 |
||
| 650 |
_aJesus Christ _xEarly years _911503 |
||
| 942 |
_2ddc _cBK |
||